[Event "EU-ch U18 Girls 31st"]
[Site "Mamaia"]
[Date "2023.09.12"]
[Round "7"]
[White "Obada, Ema"]
[Black "Qasem, Huda"]
[Result "1-0"]
[WhiteElo "2062"]
[BlackElo "1758"]
[PlyCount "79"]
[EventDate "2023.09.05"]
[EventType "swiss"]
[EventRounds "9"]
[EventCountry "ROU"]
[SourceTitle "EXT 2024"]
[Source "ChessBase"]
[SourceDate "2023.10.10"]
[SourceVersion "1"]
[SourceVersionDate "2023.10.10"]
[SourceQuality "1"]

1. e4 c5 2. Nf3 Nc6 3. Bb5 e6 4. 0-0 Nge7 5. d4 cxd4 6. Nxd4 Ng6 7. Be2 Be7 8. c4 0-0 9. Nc3 Nxd4 10. Qxd4 b6 11. b3 Bb7 12. Bb2 Bf6 13. Qd2 Bg5 14. Qc2 Nf4 15. Bf3 f5 16. Rad1 Bf6 17. Rfe1 a6 18. Qd2 Be5 19. Qxd7 Qb8 20. Na4 Bxb2 21. Nxb2 fxe4 22. Bxe4 Bxe4 23. Rxe4 e5 24. g3 Ra7 25. Qg4 h5 26. Qh4 g5 27. Qxg5+ Rg7 28. Qxe5 Nh3+ 29. Kg2 Qc8 30. Nd3 Ng5 31. Qd5+ Kh7 32. Rh4 Qe8 33. Nf4 Rxf4 34. Rxf4 Qe2 35. Qf5+ Kh8 36. Rd8+ Rg8 37. Rxg8+ Kxg8 38. Qxg5+ Kh7 39. Rf7+ Kh8 40. Qg7# 1-0

[Event "EU-chT U18 Girls"]
[Site "Iasi"]
[Date "2023.07.28"]
[Round "5.2"]
[White "Qasem, Huda"]
[Black "Hoanca, Alexia Ioana"]
[Result "1-0"]
[WhiteElo "1905"]
[BlackElo "1650"]
[PlyCount "91"]
[EventDate "2023.07.24"]
[EventType "team-swiss"]
[EventRounds "7"]
[EventCountry "ROU"]
[SourceTitle "CBM 215 Extra"]
[Source "ChessBase"]
[SourceDate "2023.09.30"]
[SourceVersion "1"]
[SourceVersionDate "2023.09.30"]
[SourceQuality "1"]
[WhiteTeam "Israel U18 Girls II"]
[BlackTeam "Romania Bucharest CSU U18 Girls"]
[WhiteTeamCountry "ISR"]
[BlackTeamCountry "ROU"]

1. e4 c6 2. d4 d5 3. e5 Bf5 4. Nd2 e6 5. Nb3 h6 6. Nf3 Nd7 7. Be2 Qc7 8. 0-0 c5 9. c3 c4 10. Nbd2 Ne7 11. a4 Nc6 12. b3 cxb3 13. Nxb3 Be7 14. Nfd2 0-0 15. f4 Bh7 16. Rf3 f6 17. Rg3 fxe5 18. fxe5 Bh4 19. Rh3 Bf2+ 20. Kh1 Bf5 21. Rf3 Bh4 22. Rf1 Rf7 23. Nf3 Be7 24. Ba3 Raf8 25. Rg1 Bxa3 26. Rxa3 Ne7 27. Nbd2 Nb6 28. a5 Nd7 29. c4 Nb8 30. cxd5 Nxd5 31. Nc4 Nf4 32. Nd6 Nxe2 33. Qxe2 Rd7 34. Qd2 Nc6 35. Nh4 Bh7 36. Rg3 Kh8 37. Ng6+ Bxg6 38. Rxg6 Re7 39. a6 bxa6 40. h3 Qb6 41. Rd1 Qb4 42. Qd3 Rf4 43. Qg3 Rxd4 44. Rf1 Nxe5 45. Rxh6+ Kg8 46. Rf8+ 1-0

[Event "EU-ch U18 Girls 30th"]
[Site "Antalya"]
[Date "2022.11.10"]
[Round "5"]
[White "Qasem, Huda"]
[Black "Kanyamarala, Trisha"]
[Result "0-1"]
[WhiteElo "1771"]
[BlackElo "2163"]
[PlyCount "128"]
[EventDate "2022.11.06"]
[EventType "swiss"]
[EventRounds "9"]
[EventCountry "TUR"]
[SourceTitle "CBM 211 Extra"]
[Source "ChessBase"]
[SourceDate "2023.01.31"]
[SourceVersion "1"]
[SourceVersionDate "2023.01.31"]
[SourceQuality "1"]

1. e4 c5 2. Nc3 d6 3. d4 cxd4 4. Qxd4 Nc6 5. Qd2 g6 6. b3 Bg7 7. Bb2 Bh6 8. f4 Nf6 9. 0-0-0 0-0 10. Kb1 e5 11. g3 Re8 12. Qxd6 Bg4 13. Be2 exf4 14. gxf4 Bxe2 15. Ngxe2 Nxe4 16. Nxe4 Rxe4 17. Qxd8+ Rxd8 18. Rxd8+ Nxd8 19. Nc3 Re8 20. Nd5 Bg7 21. Nf6+ Bxf6 22. Bxf6 Ne6 23. Rd1 Rc8 24. Be5 Rd8 25. Rxd8+ Nxd8 26. c4 Kf8 27. b4 Ke7 28. b5 Ne6 29. a4 f6 30. Bb8 a6 31. Ka2 Kd7 32. a5 Kc8 33. Bd6 axb5 34. cxb5 Nd4 35. b6 Nc6 36. Kb3 Nxa5+ 37. Kb4 Nc6+ 38. Kc5 Kd7 39. Bc7 Ne7 40. Bd6 Nf5 41. Bc7 Ke6 42. Bd8 h5 43. Bc7 Ne3 44. Bb8 Nf5 45. Bc7 Nh4 46. Bb8 Nf3 47. f5+ gxf5 48. Bg3 Ne5 49. h3 f4 50. Bh4 Nf3 51. Bf2 Ng5 52. Kd4 Nxh3 53. Bh4 Ng5 54. Kd3 Nf3 55. Bf2 Kd5 56. Ke2 Ke4 57. Kf1 Ne5 58. Kg2 Kd3 59. Kf1 Ng4 60. Bh4 Ke3 61. Ke1 f3 62. Kf1 f2 63. Bg3 Kf3 64. Be5 Ne3# 0-1

[Event "ISR-chT U18"]
[Site "Beer Yaakov"]
[Date "2022.08.15"]
[Round "5.4"]
[White "Amitai, Ido"]
[Black "Qasem, Huda"]
[Result "0-1"]
[WhiteElo "1664"]
[BlackElo "1830"]
[PlyCount "78"]
[EventDate "2022.08.14"]
[EventType "team-swiss"]
[EventRounds "7"]
[EventCountry "ISR"]
[SourceTitle "CBM 209 Extra"]
[Source "ChessBase"]
[SourceDate "2022.09.30"]
[SourceVersion "1"]
[SourceVersionDate "2022.09.30"]
[SourceQuality "1"]

1. e4 c5 2. Nf3 Nc6 3. Bb5 e5 4. 0-0 Bd6 5. Re1 Nge7 6. c3 a6 7. Bf1 0-0 8. d4 cxd4 9. cxd4 exd4 10. Nxd4 Bc7 11. Nc3 Nxd4 12. Qxd4 Nc6 13. Qd1 d6 14. Nd5 Be6 15. Bf4 Ba5 16. Bd2 Bxd5 17. Bxa5 Qxa5 18. exd5 Ne5 19. Qd4 Rfe8 20. Re3 Ng6 21. g3 Re5 22. Bc4 Rc8 23. Bb3 h6 24. Kg2 Rce8 25. Rae1 Qxe1 26. Rxe1 Rxe1 27. Qb6 Ne5 28. Qxb7 Re2 29. Ba4 Rf8 30. Qb6 Nd3 31. Qxa6 Rxf2+ 32. Kh3 Ne5 33. Qxd6 Nf3 34. Qa3 f5 35. g4 f4 36. g5 h5 37. Qxf3 Rxf3+ 38. Kg2 Rd3 39. Bd7 f3+ 0-1

[Event "ISR-chT (Women)"]
[Site "Tel Aviv"]
[Date "2021.10.29"]
[Round "3.3"]
[White "Orian, Noga"]
[Black "Qasem, Huda"]
[Result "1-0"]
[WhiteElo "1677"]
[BlackElo "1768"]
[PlyCount "79"]
[EventDate "2021.10.28"]
[EventType "team-swiss"]
[EventRounds "5"]
[EventCountry "ISR"]
[SourceTitle "CBM 204 Extra"]
[Source "ChessBase"]
[SourceDate "2021.11.30"]
[SourceVersion "1"]
[SourceVersionDate "2021.11.30"]
[SourceQuality "1"]
[WhiteTeam "Haifa Nesher (W)"]
[BlackTeam "Kfar Saba (W)"]
[WhiteTeamCountry "ISR"]
[BlackTeamCountry "ISR"]

1. d4 Nf6 2. c4 e6 3. Nf3 b6 4. a3 Bb7 5. Nc3 Be7 6. d5 exd5 7. cxd5 0-0 8. e4 d6 9. Bd3 Re8 10. 0-0 Nbd7 11. Nd4 Bf8 12. Re1 a6 13. Bg5 h6 14. Bh4 Ne5 15. Bc2 Be7 16. Bg3 Nfd7 17. f4 Ng6 18. Rc1 Bf6 19. Qd2 b5 20. Bd1 Nb6 21. b3 Nf8 22. Bf3 Nfd7 23. Nce2 Nc5 24. Qc2 Rc8 25. Red1 Nbd7 26. Nf5 Be7 27. Be1 Bf8 28. b4 Na4 29. Bh4 Nf6 30. Nc3 Nxc3 31. Qxc3 Nxe4 32. Bxe4 g5 33. fxg5 hxg5 34. Qg3 f6 35. Qg4 Rxe4 36. Qxe4 gxh4 37. Qg4+ Kh8 38. Qh5+ Kg8 39. Qg6+ Kh8 40. Rd4 1-0

[Event "EU-ch U12 Girls 27th"]
[Site "Mamaia"]
[Date "2017.09.11"]
[Round "6"]
[White "Karavitaki, Evaggelia"]
[Black "Qasem, Huda"]
[Result "1-0"]
[WhiteElo "1703"]
[BlackElo "1409"]
[PlyCount "135"]
[EventDate "2017.09.05"]
[EventType "swiss"]
[EventRounds "9"]
[EventCountry "ROU"]
[SourceTitle "CBM 180 Extra"]
[Source "ChessBase"]
[SourceDate "2017.10.06"]
[SourceVersion "1"]
[SourceVersionDate "2017.10.06"]
[SourceQuality "1"]

1. e4 c5 2. Nf3 Nc6 3. Bb5 e6 4. 0-0 Nge7 5. c3 a6 6. Ba4 b5 7. Bc2 Ng6 8. d4 cxd4 9. cxd4 Nb4 10. Bb3 d5 11. e5 Be7 12. Nc3 0-0 13. Be3 f6 14. exf6 Bxf6 15. Rc1 Bd7 16. a3 Nc6 17. Nxd5 Na5 18. Nxf6+ Qxf6 19. Ba2 Rac8 20. Qd3 Nc4 21. Qe2 Bc6 22. Bxc4 bxc4 23. Rc3 Bxf3 24. Qxf3 Qxf3 25. gxf3 Rxf3 26. Rfc1 Nf4 27. Bxf4 Rxf4 28. Rxc4 Rxc4 29. Rxc4 Kf7 30. Rc6 a5 31. Rc5 Rxd4 32. Rxa5 Rd1+ 33. Kg2 Rd7 34. b4 Ke7 35. Rc5 Ra7 36. Rc3 Kd6 37. Kf3 h5 38. Ke3 g5 39. Kd2 Rf7 40. f3 g4 41. fxg4 hxg4 42. Rg3 Rf2+ 43. Kc3 Rxh2 44. Rxg4 Rh3+ 45. Kb2 Rh2+ 46. Kb3 Rh3+ 47. Ka4 e5 48. Rc4 Rf3 49. b5 Rf4 50. Kb3 Rf3+ 51. Kb4 Rf4 52. Rxf4 exf4 53. Kc4 f3 54. Kd3 Kc5 55. a4 f2 56. Ke2 f1Q+ 57. Kxf1 Kd6 58. Ke2 Kc5 59. Kd3 Kb6 60. Kc4 Ka7 61. a5 Kb7 62. Kc5 Ka7 63. a6 Kb8 64. b6 Ka8 65. Kc6 Kb8 66. b7 Ka7 67. Kc7 Kxa6 68. b8Q 1-0

[Event "EU-ch U12 Girls 27th"]
[Site "Mamaia"]
[Date "2017.09.08"]
[Round "4"]
[White "Qasem, Huda"]
[Black "Pipiras, Filipa Fortuna"]
[Result "1-0"]
[WhiteElo "1409"]
[BlackElo "1657"]
[PlyCount "163"]
[EventDate "2017.09.05"]
[EventType "swiss"]
[EventRounds "9"]
[EventCountry "ROU"]
[SourceTitle "CBM 180 Extra"]
[Source "ChessBase"]
[SourceDate "2017.10.06"]
[SourceVersion "1"]
[SourceVersionDate "2017.10.06"]
[SourceQuality "1"]

1. e4 e6 2. d4 d5 3. Nd2 c5 4. exd5 Qxd5 5. Ngf3 cxd4 6. Bc4 Qd6 7. 0-0 Nf6 8. Nb3 Nc6 9. Nbxd4 Nxd4 10. Nxd4 Be7 11. c3 0-0 12. Qf3 Qc7 13. Bb3 Bd7 14. Re1 e5 15. Nf5 Bxf5 16. Qxf5 h6 17. Qg6 Kh8 18. Bxf7 Bc5 19. Bb3 Ng4 20. Be3 Nxe3 21. fxe3 Qb6 22. Qe4 Qc7 23. Bc2 g5 24. Red1 Rae8 25. Rd5 Qf7 26. Rd2 Re7 27. Bd3 Qf4 28. h3 Qxe4 29. Bxe4 Rf4 30. Bf3 e4 31. Bg4 Ref7 32. Rd5 Bb6 33. Rd6 Rf2 34. Bh5 Rf1+ 35. Rxf1 Bxe3+ 36. Kh2 Rxf1 37. Rd8+ Kg7 38. Rd7+ Kf8 39. Rd8+ Kg7 40. Rd7+ Kf8 41. Rd8+ Ke7 42. Re8+ Kd6 43. Rxe4 Bg1+ 44. Kg3 Bf2+ 45. Kg4 Kd5 46. Rb4 Bb6 47. Bg6 Ke5 48. Kh5 Rf8 49. Kxh6 Kf6 50. Rb5 Rh8+ 51. Bh7 Be3 52. Rxb7 Rc8 53. Rb5 Rc7 54. Be4 g4+ 55. Kh5 gxh3 56. gxh3 Rc4 57. Rf5+ Ke7 58. Bd3 Rc6 59. Re5+ Re6 60. Rxe6+ Kxe6 61. c4 Bd4 62. b4 Kd6 63. Kg6 a5 64. b5 Kc5 65. h4 Kb4 66. h5 Ka3 67. Bc2 Kb4 68. Bb3 a4 69. h6 axb3 70. axb3 Kxb3 71. h7 Kxc4 72. b6 Kd5 73. b7 Be5 74. b8Q Bxb8 75. h8Q Be5 76. Qh5 Ke4 77. Qf5+ Kd5 78. Kf7 Kd4 79. Ke6 Bb8 80. Qd5+ Ke3 81. Qb3+ Kd4 82. Qxb8 1-0

[Event "EU-ch U12 Girls 26th"]
[Site "Prague"]
[Date "2016.08.21"]
[Round "4"]
[White "Juhasz, Judit"]
[Black "Qasem, Huda"]
[Result "1-0"]
[WhiteElo "1927"]
[BlackElo "1459"]
[PlyCount "87"]
[EventDate "2016.08.18"]
[EventType "swiss"]
[EventRounds "9"]
[EventCountry "CZE"]
[SourceTitle "CBM 174 Extra"]
[Source "ChessBase"]
[SourceDate "2016.10.10"]
[SourceVersion "1"]
[SourceVersionDate "2016.10.10"]
[SourceQuality "1"]

1. e4 c5 2. Nf3 Nc6 3. d4 cxd4 4. Nxd4 e5 5. Nb5 d6 6. N1c3 a6 7. Na3 b5 8. Nd5 Be7 9. c3 Nf6 10. Nxf6+ Bxf6 11. Nc2 Be6 12. a4 Rb8 13. axb5 axb5 14. Ra6 Qc8 15. Ra1 Qc7 16. Na3 Bc4 17. Bxc4 bxc4 18. Nxc4 Be7 19. 0-0 0-0 20. Qg4 Qc8 21. Qxc8 Rfxc8 22. Rd1 Rd8 23. Ra6 Rbc8 24. Nb6 Nb8 25. Nxc8 Rxc8 26. Ra8 Rd8 27. Be3 Nc6 28. Rxd8+ Nxd8 29. Bb6 Ne6 30. Ba7 Nc5 31. Bxc5 dxc5 32. Rd5 f6 33. Kf1 Kf7 34. Ke2 Ke6 35. Kd3 f5 36. f3 g5 37. Kc4 g4 38. Rxc5 Bxc5 39. Kxc5 gxf3 40. gxf3 fxe4 41. fxe4 Kf6 42. b4 Kg5 43. b5 Kf4 44. Kd5 1-0

[Event "EU-ch U12 Girls 26th"]
[Site "Prague"]
[Date "2016.08.18"]
[Round "1"]
[White "Sovina, Maria"]
[Black "Qasem, Huda"]
[Result "1-0"]
[WhiteElo "1740"]
[BlackElo "1459"]
[PlyCount "103"]
[EventDate "2016.08.18"]
[EventType "swiss"]
[EventRounds "9"]
[EventCountry "CZE"]
[SourceTitle "CBM 174 Extra"]
[Source "ChessBase"]
[SourceDate "2016.10.10"]
[SourceVersion "1"]
[SourceVersionDate "2016.10.10"]
[SourceQuality "1"]

1. d4 Nf6 2. c4 e6 3. Nc3 Bb4 4. e3 Bxc3+ 5. bxc3 c5 6. Bd3 Nc6 7. Ne2 d6 8. 0-0 0-0 9. Rb1 b6 10. Qc2 e5 11. Rd1 Qe7 12. d5 Na5 13. e4 Ba6 14. Ng3 Bxc4 15. Bxc4 Nxc4 16. Qd3 Na5 17. Nf5 Qd7 18. Bh6 g6 19. Bxf8 gxf5 20. Bh6 fxe4 21. Qe3 Qg4 22. h3 Qg6 23. Qg5 Nc4 24. g4 Rb8 25. a4 a6 26. Rb3 b5 27. Kf1 Nb6 28. axb5 c4 29. Rbb1 a5 30. Ra1 a4 31. Ra3 Nbxd5 32. Qxg6+ hxg6 33. g5 Rxb5 34. gxf6 Rb3 35. Rxa4 Nxc3 36. Ra8+ Kh7 37. Bg7 g5 38. Rc1 Rb1 39. Rxb1 Nxb1 40. Ra1 Nd2+ 41. Ke1 Nb3 42. Rb1 d5 43. Bf8 d4 44. Bd6 d3 45. Bxe5 Nc5 46. Rb4 d2+ 47. Kxd2 Nd3 48. Rb5 Nxf2 49. Ke3 Nxh3 50. Kxe4 g4 51. Kf5 Nf2 52. Rc5 1-0

[Event "EU-ch U10 Girls 25th"]
[Site "Porec"]
[Date "2015.09.25"]
[Round "5"]
[White "Qasem, Huda"]
[Black "Karavitaki, Evaggelia"]
[Result "0-1"]
[WhiteElo "1230"]
[BlackElo "1437"]
[PlyCount "60"]
[EventDate "2015.09.21"]
[EventType "swiss"]
[EventRounds "9"]
[EventCountry "CRO"]
[SourceTitle "EXT 2016"]
[Source "ChessBase"]
[SourceDate "2015.10.08"]
[SourceVersion "1"]
[SourceVersionDate "2015.10.08"]
[SourceQuality "1"]

1. e4 c5 2. Nf3 e6 3. d4 cxd4 4. Nxd4 Nf6 5. Nc3 d6 6. Be3 a6 7. f3 b5 8. Qd2 Nbd7 9. g4 Nb6 10. 0-0-0 Bb7 11. h4 Rc8 12. Kb1 Nfd7 13. g5 b4 14. Nce2 Nc4 15. Qd3 Nde5 16. Qb3 Qa5 17. Bf2 d5 18. Bg2 Nd7 19. Be1 Qb6 20. Ng3 Bc5 21. Nge2 a5 22. f4 Bxd4 23. Nxd4 Nc5 24. Qh3 Nxe4 25. f5 e5 26. Nb3 a4 27. Nd2 Nc3+ 28. bxc3 bxc3+ 29. Nb3 axb3 30. cxb3 c2+ 0-1

[Event "EU-ch U10 Girls 25th"]
[Site "Porec"]
[Date "2015.09.22"]
[Round "2"]
[White "Toncheva, Nadya"]
[Black "Qasem, Huda"]
[Result "1/2-1/2"]
[WhiteElo "1581"]
[BlackElo "1230"]
[PlyCount "104"]
[EventDate "2015.09.21"]
[EventType "swiss"]
[EventRounds "9"]
[EventCountry "CRO"]
[SourceTitle "EXT 2016"]
[Source "ChessBase"]
[SourceDate "2015.10.08"]
[SourceVersion "1"]
[SourceVersionDate "2015.10.08"]
[SourceQuality "1"]

1. d4 Nf6 2. Bg5 e6 3. e4 Be7 4. Bxf6 Bxf6 5. Nf3 0-0 6. Bd3 c5 7. e5 Be7 8. 0-0 Nc6 9. c3 b6 10. Bc4 Bb7 11. d5 exd5 12. Bxd5 Qc7 13. c4 Rfe8 14. Nc3 Bf8 15. Nb5 Qb8 16. Nd6 Bxd6 17. exd6 Na5 18. Ng5 Bxd5 19. Qxd5 Rf8 20. Qf5 g6 21. Qh3 h5 22. Qxd7 Nxc4 23. Rad1 Qd8 24. Qe7 Nxb2 25. Rd5 Qxe7 26. dxe7 Rfe8 27. Re1 f6 28. Nf3 Nc4 29. Nh4 Kf7 30. Rd7 Ne5 31. Rc7 a6 32. f3 Rab8 33. Re3 Nc4 34. Re2 Nd6 35. Rd7 Nb5 36. Re3 c4 37. a4 f5 38. axb5 axb5 39. Kf2 b4 40. Ke2 b3 41. Kd2 b5 42. Kc3 Ra8 43. Rb7 Ra3 44. Re5 Ra2 45. Rexb5 Rc2+ 46. Kb4 Rxe7 47. Rxe7+ Kxe7 48. Nxg6+ Kf6 49. Nh4 b2 50. Rxf5+ Ke6 51. Rb5 c3 52. Rb6+ Kd7 1/2-1/2